Recueil de pages francaises

Na minha lista:
Detalhes bibliográficos
Autor principal: Guérin, Charles
Formato: Livro
Idioma:Undetermined
Publicado em: París, Francia Les elites francaises 1946
Assuntos:
Tags: Adicionar Tag
Sem tags, seja o primeiro a adicionar uma tag!

MARC

LEADER 00000nam a2200000Ia 4500
008 170316s9999 xx 000 0 und d
040 |a cru BVZT 
090 |a A-840 G-3r 
100 |a Guérin, Charles 
245 |a Recueil de pages francaises 
260 |a París, Francia 
260 |b Les elites francaises 
260 |c 1946 
300 |a 348 páginas 
650 |a LITERATURA FRANCESA 
650 |a ANTOLOGÍA 
999 |c 12419  |d 12419 
942 |c 15 D  |h A-840 G-3r  |2 z